Malignant diseases of infancy, childhood, and adolescence / (Registro nro. 3026)
[ vista simple ]
| 000 -LEADER | |
|---|---|
| campo de control de longitud fija | 01272cam a2200373 i 4500 |
| 001 - NÚMERO DE CONTROL | |
| campo de control | 3026 |
| 003 - IDENTIFICADOR DE NÚMERO DE CONTROL | |
| campo de control | HMS |
| 005 - FECHA Y HORA DE LA ÚLTIMA TRANSACCIÓN | |
| campo de control | 20251204101850.0 |
| 008 - DATOS DE LONGITUD FIJA--INFORMACIÓN GENERAL | |
| campo de control de longitud fija | 780301e1978 paua b 001 0 eng |
| 010 ## - NÚMERO DE CONTROL DE LA BIBLIOTECA DEL CONGRESO | |
| Número de control de LC | 77079863 |
| 020 ## - NÚMERO INTERNACIONAL ESTÁNDAR DEL LIBRO | |
| Número Internacional Estándar del Libro | 0721612121 |
| 035 ## - NÚMERO DE CONTROL DEL SISTEMA | |
| Número de control de sistema | 4140822 |
| 040 ## - FUENTE DE CATALOGACIÓN | |
| Centro catalogador/agencia de origen | hms |
| Centro/agencia transcriptor | spa |
| Centro/agencia modificador | hms |
| 050 04 - SIGNATURA TOPOGRÁFICA DE LA BIBLIOTECA DEL CONGRESO | |
| Número de clasificación | QZ200.3 A468m |
| 082 00 - NÚMERO DE LA CLASIFICACIÓN DECIMAL DEWEY | |
| Número de clasificación | 618.92/994 |
| Número de edición | 19 |
| 100 1# - ENTRADA PRINCIPAL--NOMBRE DE PERSONA | |
| Nombre de persona | Altman, Arnold J. |
| 9 (RLIN) | 4961 |
| 245 10 - MENCIÓN DEL TÍTULO | |
| Título | Malignant diseases of infancy, childhood, and adolescence / |
| Mención de responsabilidad, etc. | by Arnold J. Altman, Allen D. Schwartz. |
| Medio | [libro] |
| Número de parte o sección de la obra | Volumen XVIII |
| 260 ## - PUBLICACIÓN, DISTRIBUCIÓN, ETC. | |
| Lugar de publicación, distribución, etc. | Philadelphia : |
| Nombre del editor, distribuidor, etc. | Saunders, |
| Fecha de publicación, distribución, etc. | 1978. |
| 300 ## - DESCRIPCIÓN FÍSICA | |
| Extensión | xiv, 531 p. : |
| Otras características físicas | ill. ; |
| Dimensiones | 26 cm. |
| 336 ## - TIPO DE CONTENIDO | |
| Término de tipo de contenido | text |
| Código de tipo de contenido | txt |
| Fuente | rdacontent |
| 337 ## - TIPO DE MEDIO | |
| Nombre/término del tipo de medio | unmediated |
| Código del tipo de medio | n |
| Fuente | rdamedia |
| 338 ## - TIPO DE SOPORTE | |
| Nombre/término del tipo de soporte | volume |
| Código del tipo de soporte | nc |
| Fuente | rdacarrier |
| 490 0# - MENCIÓN DE SERIE | |
| Mención de serie | Major problems in clinical pediatrics ; |
| Designación de volumen o secuencia | v. 18 |
| 500 ## - NOTA GENERAL | |
| Nota general | Incluye índice |
| 504 ## - NOTA DE BIBLIOGRAFÍA, ETC. | |
| Nota de bibliografía, etc. | Includes bibliographies and index. |
| 650 #7 - PUNTO DE ACCESO ADICIONAL DE MATERIA--TÉRMINO DE MATERIA | |
| Término de materia o nombre geográfico como elemento de entrada | Cancer in children. |
| 9 (RLIN) | 4962 |
| 650 #7 - PUNTO DE ACCESO ADICIONAL DE MATERIA--TÉRMINO DE MATERIA | |
| Término de materia o nombre geográfico como elemento de entrada | Cáncer infantil |
| 9 (RLIN) | 4963 |
| 650 #7 - PUNTO DE ACCESO ADICIONAL DE MATERIA--TÉRMINO DE MATERIA | |
| Término de materia o nombre geográfico como elemento de entrada | Neoplasias |
| Subdivisión general | En adolescencia. |
| 9 (RLIN) | 4964 |
| 650 #7 - PUNTO DE ACCESO ADICIONAL DE MATERIA--TÉRMINO DE MATERIA | |
| Término de materia o nombre geográfico como elemento de entrada | Neoplasias |
| Subdivisión general | En lactancia y niñez. |
| 9 (RLIN) | 4965 |
| 650 #7 - PUNTO DE ACCESO ADICIONAL DE MATERIA--TÉRMINO DE MATERIA | |
| Término de materia o nombre geográfico como elemento de entrada | Cancer in adolescence. |
| 9 (RLIN) | 4966 |
| 650 #2 - PUNTO DE ACCESO ADICIONAL DE MATERIA--TÉRMINO DE MATERIA | |
| Término de materia o nombre geográfico como elemento de entrada | Neoplasms |
| Subdivisión general | In infancy and childhood. |
| 9 (RLIN) | 4967 |
| 700 1# - ENTRADA AGREGADA--NOMBRE PERSONAL | |
| Nombre de persona | Schwartz, Allen D., |
| Fechas asociadas al nombre | 1938- |
| Término indicativo de función/relación | joint author. |
| 9 (RLIN) | 4968 |
| 942 ## - ELEMENTOS DE ENTRADA SECUNDARIOS (KOHA) | |
| Fuente del sistema de clasificación o colocación | Clasificación de Library of Congress |
| Tipo de ítem Koha | Colección Médica |
| Suprimir en OPAC | No |
| Estatus retirado | Estado de pérdida | Fuente del sistema de clasificación o colocación | Estado de daño | No para préstamo | Colección | Biblioteca de origen | Biblioteca actual | Ubicación en estantería | Fecha de adquisición | Número de inventario | Total de préstamos | Signatura topográfica completa | Código de barras | Visto por última vez | Copia número | Precio de reemplazo | Tipo de ítem Koha |
|---|---|---|---|---|---|---|---|---|---|---|---|---|---|---|---|---|---|
| Clasificación de Library of Congress | Colección Reserva | Biblioteca Hospital Militar de Santiago | Biblioteca Hospital Militar de Santiago | Exhibido | 15/02/1979 | 000268 | QZ200.3 A468 1978 v.19 | 000268 | 04/12/2025 | c.1 | 04/12/2025 | Colección Médica |
